Évènements marquants des années 1970 par images - Statistiques

Statistiques générales
  • Ce quiz a été pris 85 fois
  • Le résultat moyen est 11 sur 15
Statistiques - réponses
Par images Hint Réponse % Correct
10 avril 1970 Séparation des {Beatles}
99%
19 octobre 1977 Sortie du premier film de la franchise {Star} {Wars}
93%
5 septembre 1972 Attentat aux {Jeux} {olympiques} de Munich
91%
16 août 1977 Mort d’{Elvis} {Presley}
91%
11 février 1979 Révolution islamique en {Iran}
91%
22 novembre 1975 Mort de {Francisco} {Franco} en Espagne
84%
22 juin 1979 Sortie du film {Alien} de Ridley Scott
84%
9 août 1974 Démission de {Richard} {Nixon} après le scandale du Watergate
82%
31 janvier 1977 Inauguration du {Centre} {Pompidou}
80%
30 avril 1975 Chute de Saïgon marquant la fin de la {guerre} {du} {Vietnam}
79%
16 octobre 1978 Élection du pape {Jean}-{Paul} {II}
79%
25 avril 1974 Révolution des {Œillets} au Portugal
54%
17 avril 1975 Prise de {Phnom} {Penh} par les Khmers rouges
53%
17 octobre 1973 Premier {choc} {pétrolier}
42%
16 juin 1976 Émeutes de {Soweto} en Afrique du Sud
17%
Aucun quiz correspondant
Distribution des résultats
% des personnes avec chaque résultat
Percentile par nombre de réponses
Votre historique - résultats
Vous n’avez pas pris ce quiz